01133 a2200181 4500001000500000005001700005008004100022003001500063040004000078080002200118245006300140020001800203264004300221300001900264505055100283100001800834856009900852447520260407155435.0260407a1999 arg spa dAR-UNSa-BCEJYS aAR-UNSa-BCEJYSbspacAR-UNSa-BCEJYS a657xContabilidad10aTeoría de la contabilidadpel abc de su fascinante mundo a950-537-462-3 1aBuenos Aires :bEdiciones Macchic1999 a150 p.c22 cm. a1. Concepto de contabilidad - 2. Cronología de los cambios operados en el conocimiento contable - 3. Elementos materiales e inmateriales que hacen factible la aplicación del conocimiento contable - 4. La partida doble. Su aplicación a los informes contables globales - 5. La teoría y la práctica en contabilidad - 6. Cuerpos normativos contables - 7. Modelos contables - 8. La contabilidad como sistema de información para terceros. Contabilidad financiera y patrimonial - 9. La contabilidad como sistema de información para el ente1 aBiondi, Mario41uhttps://www.biblioeco.unsa.edu.ar/pmb/images/libros/L129126.jpgyImagen de portadaqimage/jpeg